000 00348 a2200157 4500
001 56660
020 _a8526247360
040 _cAnchieta - Pituba
100 _aLadeira, Julieta de Godoy
240 1 0 _aAs mil e uma noites
_lpor
245 1 0 _aAs mil e uma noites
300 _a125
362 0 _a2003
650 4 _aLiteratura juvenil
942 _cBK
999 _c56660
_d56660